Odd Roman Numerals - One Minute Sprint - Statistics

General Stats
  • This quiz has been taken 741 times
    739 since last reset
  • The average score is 20 of 50
Answer Stats
# % Correct
I
100%
III
94%
V
93%
VII
91%
IX
88%
XI
87%
XIII
85%
XV
84%
XVII
83%
XIX
75%
XXI
75%
XXIII
74%
XXV
73%
XXVII
71%
XXIX
68%
XXXI
66%
XXXIII
65%
XXXV
64%
XXXVII
61%
XXXIX
54%
XLI
37%
XLIII
34%
XLV
34%
XLVII
32%
XLIX
28%
LI
26%
LIII
25%
LV
25%
LVII
23%
LIX
20%
LXI
18%
LXIII
16%
LXV
16%
LXVII
15%
LXIX
13%
LXXI
13%
LXXIII
12%
LXXV
11%
LXXVII
9%
LXXIX
8%
LXXXI
7%
LXXXIII
6%
LXXXV
6%
LXXXIX
5%
LXXXVII
5%
XCI
4%
XCIII
3%
XCV
3%
XCII
0%
XCIX
0%
No matching quizzes found
Score Distribution
Percent of People with Each Score
Percentile by Number Answered
Your Score History
You have not taken this quiz since the last reset